Statistics for Judith Light Filmography

Click here to take the quiz!

General Stats

  • This quiz has been taken 4 times
    (2 since last reset)
  • The average score is 8 of 112

Answer Stats

TypeYearName% Correct
TV Show1977-1983One Life to Live
100%
TV Show2018, 2021American Crime Story
50%
Web SeriesTBABefore
50%
Film2023Down Low
50%
Web Series2024Kite Man: Hell Yeah!
50%
TV Show2002-2010Law & Order: Special Victims Unit
50%
Film2024Out of My Mind
50%
Web Series2023Poker Face
50%
Web Series2019-2020The Politician
50%
TV Film1989The Ryan White Story
50%
Web Series2014-2019Transparent
50%
TV Show2006-2010Ugly Betty
50%
TV Show1984-1992Who's the Boss?
50%
Theater1999-2000Wit
50%
Film2006A Broken Sole
0%
Theater1975A Doll's House
0%
TV Film1994Against Their Will: Women in Prison
0%
TV Film1996A Husband, a Wife and a Lover
0%
Music Video2021All I Know So Far
0%
Theater2016All the Ways to Say I Love You
0%
Documentary Series2000American Experience
0%
Web Series2022American Horror Stories
0%
Film1996A Step Toward Tomorrow
0%
TV Film1996A Strange Affair
0%
Film2019Before You Know It
0%
TV Film1994Betrayal of Trust
0%
TV Film2001Born in Brooklyn
0%
TV Film1998Carriers
0%
TV Show1986Charmed Lives
0%
Theater2009Children
0%
Theater2005Colder Than Here
0%
Theater2004Company
0%
TV Show1997Cow and Chicken
0%
TV Show2013-2014Dallas
0%
Film2015Digging for Fire
0%
TV Show2017Doubt
0%
TV Show1996, 1997Duckman: Private Dick/Family Man
0%
TV Show2011Eden
0%
TV Film2019Escaping the Madhouse: The Nellie Bly Story
0%
TV Show2006Family Guy
0%
TV Show1983Family Ties
0%
Theater2017God Looked Away
0%
Theater2001Hedda Gabler
0%
Theater1976Herzl
0%
Film2018Hot Air
0%
Commercial2011Humira
0%
TV Show2017I'm Sorry
0%
TV Film1990In Defense of a Married Man
0%
TV Film1983Intimate Agony
0%
Documentary Series1999, 2000, 2003Intimate Portrait
0%
Film2006Ira & Abby
0%
Film2000Joseph: King of Dreams
0%
Web Series2022-2023Julia
0%
TV Show1977Kojak
0%
TV Film1995Lady Killer
0%
Film2014Last Weekend
0%
Theater2010-2011Lombardi
0%
Web Series2020Manhunt
0%
Theater1976Measure for Measure
0%
TV Film1993Men Don't Tell
0%
Film2019Ms. White Light
0%
TV Film1996Murder at My Door
0%
TV Film1989My Boyfriend's Back
0%
Commercial2014-2015National Council on Aging
0%
TV Show2011Nurse Jackie
0%
Theater2011-2012Other Desert Cities
0%
TV Film2011Other People's Kids
0%
Documentary1996Paul Monette: The Brink of Summer's End
0%
TV Show2017Penn Zero: Part-Time Hero
0%
TV Show1993-1994Phenom
0%
Commercial1997Proactiv
0%
Web Series2018, 2019Queen America
0%
TV Show2014Raising Hope
0%
TV Show1984Remington Steele
0%
Film2012Rhymes with Banana
0%
Film1978Rush It
0%
TV Show1976Saturday Night Live
0%
Film2007Save Me
0%
Film2012Scrooge & Marley
0%
TV Show2022-2023Shining Vale
0%
TV Film2005Sold!
0%
Theater2002Sorrows and Rejoicings
0%
TV Show2002Spin City
0%
TV Film1987Stamp of a Killer
0%
TV Show1983St. Elsewhere
0%
TV Show2010Submissions Only
0%
TV Mini-Series2014Ten X Ten
0%
TV Show2020, 2022The Accidental Wolf
0%
Theater2013The Assembled Parties
0%
Theater1973The Decline and Fall of the Entire World as Seen Through the Eyes of Cole Porter
0%
TV Show2012, 2015The Exes
0%
Web Series2018The Good Fight
0%
Theater1971The Liar
0%
Film2022The Menu
0%
Podcast2022The Method
0%
TV Show1980The Mike Douglas Show
0%
TV Show1984The Mississippi
0%
Theater2015-2016Thérèse Raquin
0%
Film2021The Same Storm
0%
TV Show1998The Simple Life
0%
TV Show2004The Stones
0%
TV Show1987The Will Shriner Show
0%
TV Film2014The Winklers
0%
Film2023The Young Wife
0%
Film2021tick, tick... Boom!
0%
TV Film1997Too Close to Home
0%
Web Series2017Transparent: The Lost Sessions
0%
TV Show2006, 2008Twenty Good Years
0%
Film2014We'll Never Have Paris
0%
TV Film1991Wife, Mother, Murderer
0%
TV Show1984You Are the Jury
0%
Short TV Documentary2016You'll Have the Sky: The Life and Work of Anne Morrow Lindbergh
0%

Score Distribution

Percentile by Number Answered

Percent of People with Each Score

Your Score History

You have not taken this quiz since the last reset